000 01550nam a22003734a 4500
001 ebr5007384
003 CaPaEBR
006 m u
007 cr cn|||||||||
008 010131s2001 dcua sb 001 0 eng
010 _z 2001017740
020 _z0821349201
040 _aCaPaEBR
_cCaPaEBR
035 _a(OCoLC)559299575
050 1 4 _aRG103
_b.A665 2001eb
082 0 4 _a362.1/982/00956
_221
100 1 _aAoyama, Atsuko,
_d1954-
245 1 0 _aReproductive health in the Middle East and North Africa
_h[electronic resource] :
_bwell-being /
_cAtsuko Aoyama.
260 _aWashington, DC :
_bWorld Bank,
_cc2001.
300 _axxiv, 146 p. :
_bill.
490 1 _aHealth, nutrition, and population series
504 _aIncludes bibliographical references (p. [129]-146) and index.
533 _aElectronic reproduction.
_bPalo Alto, Calif. :
_cebrary,
_d2013.
_nAvailable via World Wide Web.
_nAccess may be limited to ebrary affiliated libraries.
650 0 _aReproductive health
_zMiddle East.
650 0 _aReproductive health
_zAfrica, North.
650 0 _aMaternal health services
_zMiddle East.
650 0 _aMaternal health services
_zAfrica, North.
650 0 _aWomen
_xHealth and hygiene
_zMiddle East.
650 0 _aWomen
_xHealth and hygiene
_zAfrica, North.
655 7 _aElectronic books.
_2local
710 2 _aebrary, Inc.
830 0 _aHealth, nutrition, and population series.
856 4 0 _uhttp://site.ebrary.com/lib/rucke/Doc?id=5007384
_zAn electronic book accessible through the World Wide Web; click to view
999 _c5161
_d5161